Normal view
MARC view
- Giri, Fouad
Entry Personal Name
001 - CONTROL NUMBER
- control field: 84676
003 - CONTROL NUMBER IDENTIFIER
- control field: NUST
005 - DATE AND TIME OF LATEST TRANSACTION
- control field: 20211119160242.0
008 - FIXED-LENGTH DATA ELEMENTS
- fixed length control field: 211119|| aca||aabn | a|a d
040 ## - CATALOGING SOURCE
- Original cataloging agency: NUST
- Transcribing agency: NUST
100 ## - HEADING--PERSONAL NAME
- Personal name: Giri, Fouad
670 ## - SOURCE DATA FOUND
- Source citation: Work cat.: (NUST)33094: Block-oriented Nonlinear System Identification /, 2010.
